书目信息 |
| 题名: |
新生活
|
|
| 作者: | ;北京未来新世纪教育科学发展中心 编 | |
| 分册: | 12 学会审美之趣 | |
| 出版信息: | 乌鲁木齐 新疆青少年出版社 2006 |
|
| 页数: | 153页 | |
| 开本: | 20cm | |
| 丛书名: | ||
| 单 册: | ||
| 中图分类: | Z228.2 | |
| 科图分类: | ||
| 主题词: | 美学--青年读物 , 百科全书--中国 | |
| 电子资源: | ||
| ISBN: | 7-5373-1466-7 | |
| 000 | 00920nam0 2200253 45 | |
| 001 | 012006292814 | |
| 005 | 20070116102857.95 | |
| 010 | @a7-5373-1466-7@dCNY198.00(全20册) | |
| 092 | @aCN@b505802 | |
| 100 | @a20060928d2006 em y0chiy0120 ea | |
| 101 | 0 | @achi |
| 102 | @aCN@b650000 | |
| 105 | @ay z 000yy | |
| 200 | 1 | @a新生活@9xin sheng huo@h12@i学会审美之趣@f北京未来新世纪教育科学发展中心编 |
| 210 | @a乌鲁木齐@c新疆青少年出版社@a喀什@c喀什维吾尔文出版社@d2006 | |
| 215 | @a153页@d20cm | |
| 330 | @a本书主要内容包括:“正确的审美观”、“自然美与欣赏”、“影视美与欣赏”、“体育美与欣赏”等。 | |
| 517 | 1 | @a学会审美之趣@9xue hui shen mei zhi qu |
| 606 | 0 | @a美学@j青年读物 |
| 606 | 0 | @a百科全书@x中国 |
| 690 | @aZ228.2@v4 | |
| 711 | 02 | @a北京未来新世纪教育科学发展中心@9bei jing wei lai xin shi ji jiao yu ke xue fa zhan zhong xin@4编 |
| 801 | 0 | @aCN@bLZJBOOK@c20070116 |
| 905 | @a10447@dZ228.2@e174:12 | |
| 新生活.12.学会审美之趣/北京未来新世纪教育科学发展中心编.-乌鲁木齐:新疆青少年出版社;喀什:喀什维吾尔文出版社,2006 |
| 153页;20cm |
| ISBN 7-5373-1466-7:CNY198.00(全20册) |
| 本书主要内容包括:“正确的审美观”、“自然美与欣赏”、“影视美与欣赏”、“体育美与欣赏”等。 |
| ● |
| 相关链接 |
|
|
|
|
正题名:新生活
索取号:Z228.2/174:12
 
预约/预借
| 序号 | 登录号 | 条形码 | 馆藏地/架位号 | 状态 | 备注 |
| 1 | 0567219 | 205672191 | 第二样本阅览室/ [索取号:Z228.2/174:12] | 在馆 | |
| 2 | 0567220 | 205672208 | 第三借阅区/ [索取号:Z228.2/174:12] | 在馆 | |
| 3 | 0567221 | 205672217 | 第三借阅区/ [索取号:Z228.2/174:12] | 在馆 | |
| 4 | 0567222 | 205672226 | 第三借阅区/ [索取号:Z228.2/174:12] | 在馆 | |
| 5 | 0567223 | 205672235 | 第三借阅区/ [索取号:Z228.2/174:12] | 在馆 | |
| 6 | 0567224 | 205672244 | 第三借阅区/ [索取号:Z228.2/174:12] | 在馆 |